| 000 | 01461nam a2200301 a 4500 | ||
|---|---|---|---|
| 001 | 61908 | ||
| 003 | BD-RjUL | ||
| 005 | 20211209081022.0 | ||
| 008 | 170122s2005 bg a s o000 0|eng|| | ||
| 020 |
_a9845085758 _c: Tk. 500.00 Inland |
||
| 035 | _a(BD-RjUL)62033 | ||
| 040 |
_aDLC _cDLC _dDLC _dBD-RjUL _beng |
||
| 041 | 0 | _aengben | |
| 082 |
_223 _a304.6095492021 _bNAT 2005 (CS) |
||
| 110 |
_aBangladesh Bureau of Statistics. _9179266 |
||
| 245 | 1 | 0 |
_aBangladesh population census-2001 = বাংলাদেশ আদমশুমারি-২০০১ : _bCommunity series, Zila: Natore = কমিউনিটি সিরিজ, জেলা: নাটোর / _cBangladesh Bureau of Statistics. |
| 246 |
_aবাংলাদেশ আদমশুমারি-২০০১ : _bকমিউনিটি সিরিজ, জেলা: নাটোর |
||
| 260 |
_aDhaka : _bBangladesh Bureau of Statistics, _c2005 |
||
| 300 |
_axiii, 281 p. : _bill. ; _c28 cm. |
||
| 490 | _aCommunity series, Zila: Natore | ||
| 490 | _aকমিউনিটি সিরিজ, জেলা: নাটোর | ||
| 500 | _aPrefatory matter in Bengali and English. | ||
| 651 |
_aBangladesh _zNatore _vCensus, 2001. _9184272 |
||
| 651 |
_aBangladesh _zNatore _xPopulation _vStatistics. _9180039 _y2001 |
||
| 830 |
_aCommunity series, Zila: Natore _9180040 |
||
| 830 |
_aকমিউনিটি সিরিজ, জেলা: নাটোর _9179989 |
||
| 942 |
_2ddc _cRAR |
||
| 999 |
_c61908 _d61908 |
||